3 espèces = 1 animal - Statistiques

Statistiques générales
  • Ce quiz a été pris 33 125 fois
    32 769 depuis la dernière actualisation
  • Le résultat moyen est 10 sur 16
Statistiques - réponses
Espèces Animal % Correct
Brun / Malais / Polaire Ours
99%
Lune / Clown / Chat Poisson
96%
Bulldog / Marteau / Tigre Requin
95%
Américain / Du Nil / Des marais Crocodile
87%
Bleue / A bosse / Boréale Baleine
82%
D'Asie / D'Afrique / Du Sri Lanka Eléphant
69%
Effraie / Hulotte / Lapone Chouette
68%
Polaire / Roux / Argenté Renard
64%
Luth / Galápagos / Alligator Tortue
56%
Papou / Empereur / Royal Manchot
53%
Colvert / Domestique / Mandarin Canard
47%
Goliath / Rhinocéros / Bousier Scarabée
40%
Monarque / Morpho / Machaon Papillon
36%
Blanc / Noir / Laineux Rhinocéros
23%
Rouge / Albacore / Jaune Thon
21%
Fauve / Noir / Moine Vautour
13%
Aucun quiz correspondant
Distribution des résultats
% des personnes avec chaque résultat
Percentile par nombre de réponses
Votre historique - résultats
Vous n’avez pas pris ce quiz depuis la dernière actualisation